000 00779nam a2200289Ia 4500
001 35879
003 IT-RoPAU
008 130308s9999 xx 000 0 und d
040 _aIT-RoPAU
040 _cIT-RoPAU
041 _aITALIANO
100 _aBarbera Sandro
100 _gCodice Aut. SPICS: 12340
245 _aComunicazione perfetta (La): Wagner tra Feuerbach e Schopenhauer
245 _bWagner: la Lingua, la Musica
250 _a1a ed.
260 _aMILANO
260 _bUnicopli
260 _c1986 [1° Ed.:1986 - Ed.Ling.Originale:1983]
300 _a"22 p. (prefazione: no ; testo: 22 [pagine: 185-206])"
650 _aAUTORI/OPERE DI MUSICA
650 _eCodice materia Spics: 7007
942 _cBK
957 _71
999 _c58669
_d58669
999 _bSI
999 _g1